| 000 | 01586cam a22004097i 4500 | ||
|---|---|---|---|
| 999 |
_c26265 _d26265 |
||
| 001 | 18084535 | ||
| 005 | 20170203150336.0 | ||
| 008 | 140327s2014 nyua b 001 0 eng d | ||
| 010 | _a 2013388268 | ||
| 015 |
_aGBB399368 _2bnb |
||
| 020 | _a9781137368676 (hbk.) | ||
| 020 | _a1137368675 (hbk.) | ||
| 020 | _z9781137368690 (ePub ebook) | ||
| 020 | _z9781137368683 (PDF ebook) | ||
| 035 | _a(OCoLC)ocn866836528 | ||
| 040 |
_aNLE _beng _cNLE _erda _dFXG _dYDXCP _dDLC |
||
| 042 | _alccopycat | ||
| 043 | _ae-fr--- | ||
| 050 | 0 | 0 |
_aNA6840 _b .F7R43 2014 |
| 100 | 1 |
_aRead, Gray, _eauthor. |
|
| 245 | 1 | 0 |
_aModern architecture in theatre : _bthe experiments of Art et action / _cGray Read, Associate Professor of Architecture, Florida International University, USA. |
| 250 | _aFirst edition. | ||
| 260 |
_aNew York : _bPalgrave Macmillan, _cc2014 |
||
| 300 |
_ax, 139 pages : _billustrations ; _c23 cm. |
||
| 490 | 0 | _aPalgrave pivot | |
| 504 | _aIncludes bibliographical references (pages 130-135) and index. | ||
| 610 | 2 | 0 | _aArt et action (Theater company) |
| 650 | 0 |
_aTheater architecture _zFrance _y20th century. |
|
| 942 |
_2lcc _cBOOKS _hNA6840 .F7R43 2014 |
||